000 006300000a22002050004500
003 LK-CoMWRAF
005 20231030115852.0
008 230817t1998 ||||| |||| 00| 0 eng d
020 _a1856497356
040 _aLK-CoMWRAF
_dLK-CoMWRAF
_eLK-CoMWRAF
041 _aeng
082 _a305.4
_bMIE
100 _aMies, Maria
245 _aPatriarchy and accumulation on a world scale:
_bwomen in the international division of labour
260 _aLondon:
_bZed Books,
_c1998
300 _axix, 251 pages ; 22 cm.
_bBibliography nd index included
650 _aWOMEN-Social conditions
650 _aWomen and socialism
942 _cBK
999 _c1974
_d1974